Slovo na závěr

Na minha lista:
Detalhes bibliográficos
Autor principal: Nedomlelová, Iva
Formato: Capítulo de Livro
Idioma:tcheco
Tags: Adicionar Tag
Sem tags, seja o primeiro a adicionar uma tag!

MARC

LEADER 00000naa$a2200000$$$4500
001 0149046
005 20220725092147.1
041 0 |a cze 
044 |a CZ 
245 1 0 |a Slovo na závěr  |c Iva Nedomlelová 
100 1 |a Nedomlelová, Iva